000 00328nam a22001337a 4500
008 181029b xxu||||| |||| 00| 0 eng d
020 _a2740208377372
041 _aeng
080 _27 ED
_a370
100 _a48
101 _aedu
245 _aInstrucion Of Students With Severe Disabilities
_cSnell.M.E
942 _2udc
_cBK
999 _c50984
_d50984